=LDR 00000nam 2200000 4500 =001 INLIS000000000009231 =005 20130612101039 =008 ***********************************Ind** =035 ##$$0010-061300000009231 =041 ##$$a Ind =082 ##$$a 294.5 =090 ##$$a 294.5, Sim, P =100 ##$$a Simpen, AB, Wy =245 ##$$a Basita parihasa, Wy, Simpen AB =260 ##$$a 1994 $b Denpasar =300 ##$$a 59 hlm, 21 cm =650 ##$$a Hinduisme =850 ##$$a NBPNMAT